Normal view
MARC view
- Yasin, Muhammad
Entry Personal Name
001 - CONTROL NUMBER
- control field: 19287
003 - CONTROL NUMBER IDENTIFIER
- control field: NUST
005 - DATE AND TIME OF LATEST TRANSACTION
- control field: 20190817061850.0
008 - FIXED-LENGTH DATA ELEMENTS
- fixed length control field: 190817|| aca||aabn | a|a d
040 ## - CATALOGING SOURCE
- Original cataloging agency: NUST
- Transcribing agency: NUST
100 ## - HEADING--PERSONAL NAME
- Personal name: Yasin, Muhammad
670 ## - SOURCE DATA FOUND
- Source citation: Work cat.: (NUST): Yasin, Muhammad, Fabrication of Solution Processed Semiconducting Films Based Devices /, 2016.
